| 000 | 01122cam a2200325 a 4500 | ||
|---|---|---|---|
| 999 |
_c742 _d742 |
||
| 003 | OSt | ||
| 005 | 20210616140602.0 | ||
| 008 | s1999 oncac b 001 0 eng c | ||
| 020 | _a0139061657 | ||
| 035 | _a(Sirsi) 9110587 | ||
| 040 | _cALUPE UNIVERSITY | ||
| 050 |
_aHF5657.4 _b.H67 1999 |
||
| 090 | _a657 H586 1999 | ||
| 100 | 1 |
_aHorngren, Charles T., _d1926-2011 |
|
| 245 | 1 | 0 |
_aManagement accounting / _cCharles T. Horngren, Gary L. Sundem, William O. Stratton, Howard D. Teall. |
| 250 | _aThird Canadian edition | ||
| 260 |
_aScarborough, Ont. : _bPrentice-Hall Canada, _c1999. |
||
| 300 |
_a774 pages : _billustrations, portraits ; _c28 cm. |
||
| 336 |
_atext _btxt _2rdacontent |
||
| 337 |
_aunmediated _bn _2rdamedia |
||
| 338 |
_avolume _bnc _2rdacarrier |
||
| 650 | 0 | _aAccounting. | |
| 650 | 0 | _aManagerial accounting. | |
| 700 | 1 | _aSundem, Gary L. | |
| 700 | 1 | _aStratton, William O. | |
| 700 | 1 | _aTeall, Howard D. | |
| 906 |
_aAD:0:1 _aAG:0:1 _aAN:0:2 _aBB:0:3 _aCL:0:1 _aDM:0:1 _aEA:0:1 _aFV:0:2 _aKE:1:0 _aND:0:1 _aPL:0:2 _aPU:0:1 _aRS:0:1 _aTRL:0:1 |
||
| 942 |
_2lcc _cBK _nSO |
||
| 948 |
_a20/10/2000 _b20/10/2000 |
||